| 000 | 01320nam a2200337 i 4500 | ||
|---|---|---|---|
| 005 | 20260622155401.0 | ||
| 008 | 260622t20252025my jo gr a001 0dmay d | ||
| 020 |
_a9789835221286 _cRM60.00 _qpaperback |
||
| 040 |
_aPPAK _beng _cPPAK _erda |
||
| 041 | 0 |
_amay _heng |
|
| 082 | 0 | 4 |
_223 _a297.0959 |
| 090 | 0 | 0 |
_a297.0959 _bATT _dG |
| 100 | 1 |
_aAl-Attas, Syed Muhammad Naquib, _cProfesor Diraja Tan Sri Dr., _d1931-2026, _eauthor. |
|
| 245 | 1 | 0 |
_aSEJARAH ISLAM DI ALAM MELAYU : _bAntara Fakta dan Rekaan / _cSYED MUHAMMAD NAQUIB AL-ATTAS ; Diterjemahkan oleh: Khalif Muammar A. Harris |
| 246 | 3 |
_iTranslation of : _aHistorical fact and fiction |
|
| 250 | _aEdisi Terjemahan Pertama 2025 | ||
| 264 | 1 |
_aJohor Bahru, Johor : _bPENERBIT UTM PRESS, _c2025 |
|
| 264 | 4 | _c©2025 | |
| 300 |
_axix, 202 pages : _bgenealogical tables, photographs ; _c22 cm |
||
| 336 |
_atext _2rdacontent |
||
| 337 |
_aunmediated _2rdamedia |
||
| 338 |
_avolume _2rdacarrier |
||
| 500 | _aContains verses from the Qur'an. | ||
| 500 | _aIncludes index. | ||
| 504 | _aBibliography: pages 183-186. | ||
| 650 | 1 | 0 |
_aIslam _zMalay Archipelago _xHistory |
| 650 | 2 | 0 |
_aMalays (Asian people) _xHistory |
| 650 | 2 | 0 |
_aGovernment publications _zMalaysia |
| 700 | 0 |
_aKhalif Muammar A. Harris, _etranslator. |
|
| 942 |
_2ddc _cB |
||
| 999 |
_c204669 _d204669 |
||